مكتبة جامعة عجلون الوطنية

فهرس بحث المكتبة

الأحكام القانونية لعقد العمل محدد المدة : (قانون العمل الأردني) = Legal Provisions for Fixed-Term Employment Contracts (Jordanian Labor Law) : / (Record no. 34019)

MARC details
000 -LEADER
fixed length control field 01105nam a22002057a 4500
003 - CONTROL NUMBER IDENTIFIER
control field JO-AjAnu
005 - DATE AND TIME OF LATEST TRANSACTION
control field 20250929132709.0
008 - FIXED-LENGTH DATA ELEMENTS--GENERAL INFORMATION
fixed length control field 250929b jo ||||| |||| 00| 0 ara d
040 ## - CATALOGING SOURCE
Original cataloging agency JO-AjAnu
Language of cataloging ara
Transcribing agency JO-AjAnu
Modifying agency JO-AjAnu
Description conventions rda
041 #0 - LANGUAGE CODE
Language code of text/sound track or separate title ara
Language code of original ara
050 ## - LIBRARY OF CONGRESS CALL NUMBER
Classification number KMM127.3
Item number 2025
100 #1 - MAIN ENTRY--PERSONAL NAME
Personal name الفراية، عصام محمد هلال
Relator term معد
9 (RLIN) 66714
245 #0 - TITLE STATEMENT
Title الأحكام القانونية لعقد العمل محدد المدة : (قانون العمل الأردني) = Legal Provisions for Fixed-Term Employment Contracts (Jordanian Labor Law) : /
Statement of responsibility, etc. اعداد عصام محمد هلال الفراية ؛ اشراف طلال ياسين العيسى
260 ## - PUBLICATION, DISTRIBUTION, ETC.
Date of publication, distribution, etc. 2025.
300 ## - PHYSICAL DESCRIPTION
Extent 122 ورقة
504 ## - BIBLIOGRAPHY, ETC. NOTE
Bibliography, etc. note رسالة جامعية( رسالة ماجستير في القانون)- جامعة عجلون الوطنية (عجلون، الاردن)-كلية الحقوق، قسم القانون، 2025.
650 7# - SUBJECT ADDED ENTRY--TOPICAL TERM
Topical term or geographic name entry element عقود العمل- قوانين وتشريعات- الاردن.
9 (RLIN) 66715
700 #1 - ADDED ENTRY--PERSONAL NAME
Personal name العيسى، طلال ياسين
9 (RLIN) 64930
Relator term مشرف
942 ## - ADDED ENTRY ELEMENTS (KOHA)
Source of classification or shelving scheme Library of Congress Classification
Koha item type Thesis
Suppress in OPAC No
Holdings
Withdrawn status Lost status Source of classification or shelving scheme Damaged status Not for loan Home library Current library Date acquired Total Checkouts Full call number Barcode Date last seen Price effective from Koha item type
    Library of Congress Classification     مكتبة جامعة عجلون الوطنية مكتبة جامعة عجلون الوطنية 29/09/2025   KMM127.3 2025 a30358 29/09/2025 29/09/2025 Thesis
    Library of Congress Classification     مكتبة جامعة عجلون الوطنية مكتبة جامعة عجلون الوطنية 29/09/2025   KMM127.3 2025 a30357 29/09/2025 29/09/2025 Thesis